Kto skrotí švajčiarsku sopku? Svetový pohár zjazdárov

Bibliographic Details
Main Author: (t-ĺp) (Author)
Format: Article
Language:Slovak
Subjects:

MARC

LEADER 00000nab a2200000 a 4500
001 vtls000207135
003 SK-MaSNL
005 20260304173418.0
008 111130c1985 xo 0 slo
015 |a SNBRB19rr/mm-uuuuu 
035 |a CL0217248 
040 |a SNKBUCL  |b slo  |c SNKBUCL  |e AACR2 
041 0 |a slo 
044 |a xo  |c SK 
080 |a 796.926.093.1(100)  |2 1981 
100 1 |a (t-ĺp)  |4 aut  |9 1503563 
245 1 0 |a Kto skrotí švajčiarsku sopku?  |b Svetový pohár zjazdárov  |c (t-ĺp) 
650 0 7 |a lyžovanie  |2 snkbucl  |9 3256 
655 7 |a články z novín a časopisov  |2 snkbucl  |9 267496 
773 0 |t Šport  |g Roč. 39, č. 10 (12. 1. 1985), s. 1 a 6 
850 |a Slovenská národná knižnica v Martine  |a MTA001 
852 |a SNK  |b KIS3GCP 
958 |a RK 
992 |a RBX 
999 |c 3003157  |d 3005087